| 000 | 01204cam a2200313 a 4500 | ||
|---|---|---|---|
| 001 | 15815729 | ||
| 003 | NUST-PNEC | ||
| 005 | 20170116180704.0 | ||
| 008 | 090714s2009 enka b 001 0 eng | ||
| 010 | _a 2009025913 | ||
| 015 |
_a015-17007 _2bnb |
||
| 015 |
_aGBA-94203 _2bnb |
||
| 020 | _a9780470746233 (cloth) | ||
| 020 | _a0470746238 | ||
| 035 | _a(OCoLC)ocn317457278 | ||
| 040 |
_aDLC _cPNEC _dBTCTA |
||
| 050 | 0 | 0 |
_aTA663 _b.R43 2009 |
| 082 | 0 | 0 | _a624.170 REE |
| 100 | 1 |
_aRees, D. W. A. _q(David W. A.), _d1947- |
|
| 245 | 1 | 0 |
_aMechanics of optimal structural design : _bminimum weight structures / _cDavid W.A. Rees. |
| 260 |
_aChichester, U.K. : _bJ. Wiley, _c2009. |
||
| 300 |
_axxi, 560 p. : _bill. ; _c25 cm. |
||
| 500 | _ahttp://www.amazon.com/Mechanics-Optimal-Structural-Design-Structures/dp/0470746238/ref=sr_1_1?ie=UTF8&qid=1410768334&sr=8-1&keywords=0470746238 | ||
| 504 | _aIncludes bibliographical references (p. 549-551) and index. | ||
| 650 | 0 |
_aLightweight construction. _xME |
|
| 906 |
_a7 _bcbc _corignew _d1 _eecip _f20 _gy-gencatlg |
||
| 942 |
_2ddc _cBK |
||
| 999 |
_c60646 _d60646 |
||